| 000 | 00841nam a2200217Ia 4500 | ||
|---|---|---|---|
| 001 | 17568 | ||
| 003 | GE_BSU | ||
| 008 | 181216s||||||||xx |||||||||||||| ||und|| | ||
| 040 | _cGE_BSU | ||
| 080 | _a621.01.1(035.5) | ||
| 100 | _aВиницкий,Д. Гинзбургшик,Л. Зайдель,В. и др. | ||
| 245 | _aСправочник: по монтажу тепломаханического оборудования. | ||
| 245 | _cПод общ. ред. В.А.Зайделя. Ред. И.К.Кориковский, П.А.Антикаин. | ||
| 260 | _aМ-Л. | ||
| 260 | _bГосэнергоиздат. | ||
| 260 | _c1960. | ||
| 300 | _a560 стр. с илл. 26 см. | ||
| 300 | _eТабл. | ||
| 653 | _aСправочник: по монтажу тепломаханического оборудования. | ||
| 942 | _cBK | ||
| 999 |
_c50618 _d50618 |
||